00540nam a2200193 a 4500001001300000003000900013005001700022008004100039020002300080082001800103100002600121245005700147260004100204300000900245500003500254650001200289650001900301700002600320nice12345678IN_TiNIC20260116012201.0050524s1996 dela grp 000 0 eng  a8186420002 c40000a305.6297bJAW aJawed, Mohammad Nasir aYear Book of the Muslim Worldb A Handy Encyclopedia aDelhi bMedialine Publccation c1996 a779p aincludes index and biblioraphy aMuslims aYear Book 19961 aJawed, Mohammad Nasir